| 000 | 00580aam a2200229 4500 | ||
|---|---|---|---|
| 005 | 20240809120602.0 | ||
| 008 | 150513b xxu||||| |||| 00| 0 spa d | ||
| 020 | _a8853001240 | ||
| 041 | _aING | ||
| 082 | _a808.068 D314r | ||
| 100 |
_aDefoe, Daniel _927624 |
||
| 245 | _aRobinson Crusoe | ||
| 260 | _aItalia | ||
| 260 | _bBlack Cat | ||
| 260 | _c2000 | ||
| 300 | _a144 páginas | ||
| 505 | _aContiene disco compacto N° 508 | ||
| 505 | _aContiene audiolibro en inglés | ||
| 650 | _aLITERATURA INFANTIL | ||
| 650 | _aLITERATURA INGLESA | ||
| 942 |
_cLIT _2ddc |
||
| 999 |
_c5447 _d5447 |
||